| 000 | 01006nam a22002417a 4500 | ||
|---|---|---|---|
| 005 | 20100723100918.0 | ||
| 010 | _aHIN-89800 | ||
| 020 |
_c375.00 _a8181291441 |
||
| 035 | _aHN-62146 | ||
| 037 | _bDBAD/PUB | ||
| 082 | _aउ | ||
| 100 |
_aजगन सिंह _923921 |
||
| 245 |
_aअस्वीकारः _cजगन सिंह _bउपन्यास / |
||
| 246 |
_aAswikarar _bby Jagan Singh |
||
| 260 |
_aनई दिल्ली _bनमन प्रकाशन _c2009 |
||
| 270 |
_a4231/1, अंसारी रोड, दरियागंज _bनई दिल्ली _k011-23254306, 23247003 _e110002 |
||
| 300 |
_a272पृ. _b22सेमी (सजिल्द) |
||
| 650 |
_aहिन्दी कथा साहित्य _9657 |
||
| 650 |
_aHindi Fiction _923922 |
||
| 700 | _91006 | ||
| 942 |
_2ddc _cHN _hउ _mजगन |
||
| 999 |
_c37431 _d37431 |
||